书目信息 |
| 题名: |
成吉思汗传
|
|
| 作者: | 符拉基米尔佐夫 著 ;郭廷春 , 蔡传亮 译注 | |
| 分册: | ||
| 出版信息: | 北京 中国长安出版社 2015 |
|
| 页数: | 218页 | |
| 开本: | 23cm | |
| 丛书名: | ||
| 单 册: | ||
| 中图分类: | K827=47 , K827 | |
| 科图分类: | ||
| 主题词: | ||
| 电子资源: | ||
| ISBN: | 978-7-5107-0933-3 | |
| 000 | 01163nam0 2200289 450 | |
| 001 | 2141299190 | |
| 005 | 20210104112832.00 | |
| 010 | @a978-7-5107-0933-3@dCNY69.80 | |
| 090 | @aK827@bflj | |
| 096 | @aK827@bflj | |
| 100 | @a20150827d2015 em y0chiy50 ea | |
| 101 | 1 | @achi@crus |
| 102 | @aCN@b110000 | |
| 105 | @aa z 000yb | |
| 200 | 1 | @a成吉思汗传@9cheng ji si han zhuan@b专著@e详注版@f(苏)符拉基米尔佐夫著@g郭廷春,蔡传亮译注 |
| 210 | @a北京@c中国长安出版社@d2015 | |
| 215 | @a218页@c图@d23cm | |
| 300 | @a指文人物系列 009 | |
| 330 | @a本书客观看待成吉思汗的一生,纠正西方史学家对于成吉思汗的偏见——残酷、嗜杀,探讨其是非功过,尤其是褒贬不一的“西征”,进行了深层次的分析探讨,作出实事求是的评价。本“详注版”在综合近代研究、东方史料的基础上,补充大量详细注解、背景阅读,对原文疏漏的史实进行补充和修正。 | |
| 600 | 0 | @a成吉思汗@f(1162-1227)@x传记 |
| 690 | @aK827=47@v5 | |
| 690 | @aK827@v4 | |
| 701 | 0 | @c(苏)@a符拉基米尔佐夫@9fu la ji mi er zuo fu@f(1884-1931)@4著 |
| 702 | 0 | @a郭廷春@9guo ting chun@c(媒体工作)@4译注 |
| 702 | 0 | @a蔡传亮@9cai chuan liang@c(史学)@4译注 |
| 801 | 2 | @aCN@b58marc.cn@c20100812 |
| 905 | @aZUCC@dK827@e341 | |
| 成吉思汗传:详注版/(苏)符拉基米尔佐夫著/郭廷春,蔡传亮译注.-北京:中国长安出版社,2015 |
| 218页:图;23cm |
| 指文人物系列 009 |
| ISBN 978-7-5107-0933-3:CNY69.80 |
| 本书客观看待成吉思汗的一生,纠正西方史学家对于成吉思汗的偏见——残酷、嗜杀,探讨其是非功过,尤其是褒贬不一的“西征”,进行了深层次的分析探讨,作出实事求是的评价。本“详注版”在综合近代研究、东方史料的基础上,补充大量详细注解、背景阅读,对原文疏漏的史实进行补充和修正。 |
| ● |
| 相关链接 |
|
|
|
正题名:成吉思汗传
索取号:K827/341
 
预约/预借
| 序号 | 登录号 | 条形码 | 馆藏地/架位号 | 状态 | 备注 |
| 1 | 2000877413 | 2000877413 | 第二书库/ [索取号:K827/341] | 在馆 | |
| 2 | 2000877414 | 2000877414 | 第二书库/ [索取号:K827/341] | 在馆 | |
| 3 | 2000877415 | 2000877415 | 第二书库/ [索取号:K827/341] | 在馆 |